000 00419nam a2200181Ia 4500
005 20240823040336.0
008 240823s9999||||xx |||||||||||||| ||und||
041 _aENGLISH
082 _A332.4 N4
100 _a"Crowther,Geoffrey"
245 3 _aAn Outline of Money
250 _a1st
260 _c1994
_b"UBS,New Delhi"
500 _aYES
650 _aMoney
_bManagement Studies
942 _cBK
999 _c202876
_d202876